000 00532nam a22001817a 4500
005 20251108173436.0
008 250721s2002 xx 000 0 ara d
082 1 4 _a618.1/صلا
100 1 _aالصلال، عايدة
245 1 0 _aمعاناة حواء كيف تخفف من وطأتها ؟ /
264 1 _aبيروت :
_bالمكتبة الثقافية،
_c2002.
300 _a136ص
490 0 _aأسئلة حائرة
650 1 7 _aأمراض النساء
650 1 7 _aالطب
942 _2ddc
_cBK
999 _c104000
_d104000